10 największych miast na Mazowszu - Statystyki

Ogólne statystyki
  • Ten quiz został rozwiązany 149 razy
  • Średni wynik to 5 z 10
Statystyki odpowiedzi
Liczba ludności Miasto % Poprawnych
1 777 972 Warszawa
98%
119 709 Płock
83%
61 237 Pruszków
63%
52 215 Ostrołęka
53%
54 172 Legionowo
50%
44 873 Otwock
47%
47 423 Piaseczno
47%
44 209 Ciechanów
44%
63 092 Łomża
24%
47 375 Skierniewice
17%
Nie znaleziono quizów pasujących do podanych kryteriów
Rozkład punktacji
Procent ludzi z każdym wynikiem
Percentyl według liczby udzielonych odpowiedzi
Twoja historia wyników
Nie rozwiązałeś tego quizu